River town : (Record no. 2642)

MARC details
000 -LEADER
fixed length control field 01171cam a2200289 a 4500
001 - CONTROL NUMBER
control field 2642
003 - CONTROL NUMBER IDENTIFIER
control field FISKH
005 - DATE AND TIME OF LATEST TRANSACTION
control field 20240108113611.0
008 - FIXED-LENGTH DATA ELEMENTS--GENERAL INFORMATION
fixed length control field 000928s2001 nyu b 000 0deng
010 ## - LIBRARY OF CONGRESS CONTROL NUMBER
LC control number 00049872
020 ## - INTERNATIONAL STANDARD BOOK NUMBER
International Standard Book Number 0060195444
020 ## - INTERNATIONAL STANDARD BOOK NUMBER
International Standard Book Number 9780060855024
040 ## - CATALOGING SOURCE
Original cataloging agency DLC
Transcribing agency DLC
Modifying agency DLC
Language of cataloging eng
043 ## - GEOGRAPHIC AREA CODE
Geographic area code a-cc-sz
050 00 - LIBRARY OF CONGRESS CALL NUMBER
Classification number DS796.F855
Item number H47 2001
082 00 - DEWEY DECIMAL CLASSIFICATION NUMBER
Classification number 915.1/38
Edition number 21
100 1# - MAIN ENTRY--PERSONAL NAME
Personal name Hessler, Peter,
Dates associated with a name 1969-
245 10 - TITLE STATEMENT
Title River town :
Remainder of title two years on the Yangtze /
Statement of responsibility, etc. Peter Hessler.
250 ## - EDITION STATEMENT
Edition statement First Harper perennial edition published 2006
260 ## - PUBLICATION, DISTRIBUTION, ETC.
Place of publication, distribution, etc. New York :
Name of publisher, distributor, etc. HarperCollins Publishers,
Date of publication, distribution, etc. 2001
300 ## - PHYSICAL DESCRIPTION
Extent 402 pages :
Other physical details maps ;
Dimensions 21 cm
520 ## - SUMMARY, ETC.
Summary, etc. Records the author's experiences as a Peace Corps English teacher in the small Chinese city of Fuling, during which time he witnessed such events as the death of Deng Xiaoping, the return of Hong Kong to the mainland, and the construction of the Three Gorges Dam.
600 10 - SUBJECT ADDED ENTRY--PERSONAL NAME
Personal name Hessler, Peter,
Dates associated with a name 1969-
General subdivision Travel
Geographic subdivision China
-- Fuling (Sichuan Sheng)
651 #0 - SUBJECT ADDED ENTRY--GEOGRAPHIC NAME
Geographic name Fuling (Sichuan Sheng, China)
General subdivision Description and travel.
906 ## - LOCAL DATA ELEMENT F, LDF (RLIN)
a 7
b cbc
c orignew
d 1
e ocip
f 20
g y-gencatlg
942 ## - ADDED ENTRY ELEMENTS (KOHA)
Source of classification or shelving scheme Dewey Decimal Classification
Koha item type Books
Suppress in OPAC No
Holdings
Withdrawn status Lost status Source of classification or shelving scheme Damaged status Not for loan Collection Home library Current library Shelving location Date acquired Total Checkouts Full call number Barcode Date last seen Price effective from Koha item type
    Dewey Decimal Classification     Non-Fiction Footprints International School Library Network Toul Kork Campus Footprints International School Library Network Toul Kork Campus   01/08/2024   HES 910 DS796.F855 FISSE01583 01/08/2024 01/08/2024 Books